La Nao de Mataró / por Luis Soler y Fontrodona
Publicado:
San Jorge, núm. 89 (1r trimestre 1973), pàg 45 - 46 :
MARC
| LEADER | 00000nam a2200000Ia 4500 | ||
|---|---|---|---|
| 001 | |||
| 008 | 160829s9999 xx 000 0 cat d | ||
| 100 | |a Soler i Fonrodona, Lluís |9 40203 | ||
| 245 | |a La Nao de Mataró / por Luis Soler y Fontrodona | ||
| 260 | |a San Jorge, núm. 89 (1r trimestre 1973), pàg 45 - 46 | ||
| 610 | 2 | 0 | |a Coca de Mataró |9 56498 |
| 650 | |a Vaixells |x Mataró |9 41841 | ||
| 901 | |a Arxiu | ||
| 942 | |n 1 | ||
| 952 | |0 0 |1 0 |4 0 |7 1 |9 50503 |a Arxiu |b Arxiu |d 2016-12-01 |l 0 |r 2016-12-01 00:00:00 |w 2016-12-01 |y ARXIU | ||
| 999 | |c 54345 |d 54345 | ||